| 000 | 01013pam a2200289 a 4500 | ||
|---|---|---|---|
| 001 | 2524307 | ||
| 003 | OSt | ||
| 005 | 20160725154419.0 | ||
| 008 | 930804s1994 paua b 001 0 eng c | ||
| 010 | _a 93030471 | ||
| 020 | _a0397550030 | ||
| 040 |
_aDNLM/DLC _cDLC _dDLC |
||
| 082 |
_aWY 100 _bF958h 1994 |
||
| 100 | 1 |
_aFuller, Jill. _910444 |
|
| 245 | 1 | 0 |
_aHealth assessment : _ba nursing approach / _cJill Fuller, Jennifer Schaller-Ayers. |
| 250 | _a2nd ed. | ||
| 260 |
_aPhiladelphia : _bJ.B. Lippincott, _c1994. |
||
| 300 |
_axviii, 702 p. : _bcol.ill ; _c29 cm. |
||
| 504 | _aIncludes bibliographical references and index. | ||
| 650 | 0 |
_aNursing assessment. _92385 |
|
| 650 | 0 |
_aPhysical diagnosis. _92390 |
|
| 650 | 2 |
_aNursing Assessment. _92385 |
|
| 700 | 2 |
_aSchaller-Ayers, Jennifer. _910445 |
|
| 906 |
_a7 _bcbc _corignew _d1 _eocip _f19 _gy-gencatlg |
||
| 942 |
_2z _cO_SHELF |
||
| 999 |
_c4865 _d4865 |
||